000 00838nam0a22002411 4500
001 rc\1019754
005 20041129102535.8
035 _a(NLR Aleph) 006184558
090 _a6101423
_c6101423
100 _a20041129d1981 u |0rusy50 ca
101 0 _arus
102 _aRU
105 _aa |||||||||
200 1 _aТолько море вокруг
_eРоман
_fАлександр Миронов
_g[Послесл. Б. Бурьяна
_gХудож. М.А. Ветик]
210 _aМинск
_cМастац. лiт.
_d1981
215 _a303 с.
_cил.
_d22
300 _aПродолж. кн. "Корабли выходят в океан"
700 1 _aМиронов
_bА. Е.
_f1910-
_gАлександр Евгеньевич
801 0 _aRU
_bNLR
_gpsbo
801 1 _aRU
_bELAR
_2rusmarc
852 _aNLR
_j81-5/4479
942 _cBOOK
980 _aNB